Biggest cities in Western Europe - Extreme(150k+) - Statistics

General Stats
  • This quiz has been taken 187 times
    163 since last reset
  • The average score is 167 of 248
Answer Stats
Country Population Answer % Correct
8.796.628 London
99%
3.755.251 Berlin
98%
1.241.175** Brussels
98%
2.102.650 Paris
98%
1.660.435 Barcelona
97%
1.084.831 Cologne
97%
1.892.122 Hamburg
97%
1.362.551 Milan
97%
1.512.491 Munich
97%
2.745.819 Rome
97%
987.661 Stockholm
97%
1.982.097 Vienna
97%
922.679 Amsterdam
96%
2.608.639* Athens
96%
817.655*** Copenhagen
96%
3.339.931 Madrid
96%
876.602 Marseille
96%
909.422 Naples
96%
809.501 Valencia
96%
1.152.571 Birmingham
95%
773.068 Frankfurt-am-Main
95%
635.512 Glasgow
95%
664.921 Helsinki
95%
836.148 Turin
95%
538.910 Antwerp
93%
547.773 Lisbon
93%
528.633 Lyon
93%
554.486 Manchester
93%
664.311 Rotterdam
93%
509.052 Edinburgh
92%
693.229 Sevilla
92%
632.685 Stuttgart
92%
592.713 Dublin
91%
601.130 Gothenburg
91%
302.331 Newcastle
91%
709.037 Oslo
91%
364.103 Cardiff
90%
563.311 Dresden
90%
616.093 Leipzig
90%
346.376 Nice
90%
627.970 Palermo
90%
298.492 Strasbourg
90%
443.037 Zurich
90%
360.096 Florence
89%
545.045 Hannover
89%
502.402 Liverpool
89%
233.714 Porto
89%
342.484 Bilbao
88%
629.047 Düsseldorf
88%
584.580 Essen
88%
203.840 Geneva
88%
359.929 Malmö
88%
523.026 Nuremburg
88%
562.446 The Hague
88%
315.615 Bari
87%
266.887 Bordeaux
87%
569.317 Bremen
87%
593.317 Dortmund
87%
237.654 Lille
87%
580.752 Malaga
87%
332.417 Nantes
87%
503.020 Toulouse
87%
579.719 Leeds
86%
249.613 Venice
86%
477.266 Bristol
85%
558.183 Genoa
85%
298.479 Graz
85%
319.045 Thessaloniki
85%
294.324 Belfast
84%
250.270 Southampton
84%
694.109 Zaragoza
84%
199.583 Aberdeen
82%
368.024 Utrecht
82%
361.544 Aarhus
81%
297.647 Catania
81%
268.122 Ghent
81%
247.717 Kiel
81%
560.396 Sheffield
81%
388.206 Bologna
80%
336.465 Bonn
80%
173.552 Basel
79%
372.949 Leicester
79%
311.835 Montpellier
79%
415.940 Palma de Mallorca
79%
156.619 Salzburg
79%
255.019 Verona
79%
243.669 Eindhoven
78%
325.610 Nottingham
78%
227.190 Rennes
78%
319.515 Córdoba
77%
228.682 Granada
77%
195.346 Liège
77%
163.186 Oxford
77%
358.876 Wuppertal
77%
247.322 A Coruña
76%
348.901 Alicante
76%
222.526 Cork
76%
502.211 Duisburg
76%
210.118 Linz
76%
463.150 Murcia
76%
338.442 Bielefeld
75%
238.016 Groningen
75%
198.193 Trieste
75%
301.033 Augsburg
74%
315.554 Mannheim
74%
179.126 Swansea
74%
300.479 Valladolid
74%
290.272 Bergen
73%
236.140 Freiburg-im-Breisgau
73%
252.136 Aachen
71%
277.588 Brighton-and-Hove
71%
268.222 Kingston-upon-Hull
71%
265.547 Plymouth
71%
249.060 Tampere
71%
203.785 Charleroi
70%
354.526 Coventry
70%
272.013 Gijón
70%
308.707 Karlsruhe
70%
197.293 Parma
70%
300.809 Vigo
70%
162.984 Dijon
69%
320.946 Münster
69%
188.743 San Sebastián
69%
212.660 Trondheim
69%
243.043 Uppsala
69%
220.552 Mainz
68%
217.749 Messina
68%
181.759 Saarbrücken
68%
177.452 Heraklion
67%
378.797 Las Palmas de Gran Canaria
67%
206.500 Padua
67%
179.238 Reims
67%
156.820 Grenoble
66%
203.418 Pamplona
66%
208.412 Portsmouth
66%
352.254 Bradford
65%
365.742 Bochum
64%
268.465 Mönchengladbach
64%
207.762 Odense
64%
185.750 Potsdam
64%
259.382 Stoke-on-Trent
64%
197.917 Turku
64%
196.632 Brescia
63%
262.733 Derby
63%
162.372 Le Havre
63%
247.448 Northampton
63%
181.506 Toulon
63%
265.203 Wolverhampton
63%
193.333 Braga
62%
248.563 Chemnitz
62%
305.179 Espoo
62%
211.858 Oulu
62%
209.920 Rostock
62%
175.653 Saint-Etienne
62%
251.804 Braunschweig
60%
239.364 Magdeburg
60%
215.922 Patras
60%
172.606 Santander
60%
227.794 Tilburg
60%
283.083 Wiesbaden
60%
186.504 Breda
59%
162.273 Heidelberg
59%
227.756 Luton
59%
176.273 Reading
59%
199.320 Bournemouth
58%
214.969 Erfurt
58%
183.942 Modena
58%
167.436 Sunderland
58%
165.650 Haarlem
57%
218.095 Lübeck
56%
187.103 Taranto
56%
242.083 Halle (Saale)
55%
219.943 Oviedo
55%
165.896 Arnhem
54%
204.202 Kassel
54%
165.748 Leverkusen
54%
182.399 Nijmegen
54%
263.000 Gelsenkirchen
53%
265.444 Hospitalet de Llobregat
53%
157.443 Regensburg
53%
172.830 Oldenburg
52%
256.743 Vitoria-Gasteiz
52%
199.237 Almería
51%
291.391 Milton-Keynes
51%
235.580 Elche
49%
183.218 Getafe
49%
212.730 Jerez de la Frontera
49%
152.154 Livorno
49%
208.688 Santa Cruz de Tenerife
49%
161.194 Enschede
48%
167.366 Osnabrück
48%
209.020 Bolton
47%
180.849 Hamm
47%
151.565 Ipswich
47%
166.673 Linkoping
47%
169.958 Reggio Calabria
47%
223.506 Badalona
46%
164.381 Larissa
46%
155.756 Ravenna
46%
223.183 Almere
45%
171.454 Amadora
45%
153.559 Badajoz
45%
161.860 Marbella
45%
154.755 Paderborn
45%
167.205 Apeldoorn
44%
162.243 Darmstadt
44%
182.488 Peterborough
44%
242.917 Vantaa
44%
172.772 Albacete
43%
160.902 Amersfoort
43%
159.103 Angers
43%
173.772 Burgos
43%
220.660 Cartagena
43%
228.426 Krefeld
43%
195.906 Prato
43%
216.520 Sabadell
43%
181.441 Southend-on-Sea
43%
150.780 Logroño
42%
210.824 Oberhausen
42%
169.514 Reggio Emilia
42%
205.932 Swindon
42%
174.265 Ludwigshafen-am-Rhein
41%
161.116 Newport
41%
161.228 Perugia
41%
224.747 Terrassa
41%
171.857 Castellón de la Plana
40%
208.761 Móstoles
40%
169.603 Huddersfield
38%
158.952 Den Bosch
36%
186.660 Leganés
36%
158.394 Örebro
36%
188.421 Vila Nova de Gaia
36%
158.054 Villeurbanne
36%
189.891 Fuenlabrada
35%
189.783 Hagen
35%
152.364 Poole
35%
159.368 Vasteras
34%
170.296 Alcorcón
33%
154.139 Neuss
33%
160.643 Solingen
32%
196.888 Alcalá de Henares
31%
151.620 Helsingborg
29%
182.671 Piraeus
29%
166.858 Slough
29%
172.404 Mülheim-an-der-Ruhr
27%
157.343 Telford
27%
157.368 Herne
26%
157.815 San Cristóbal de la Laguna
20%
No matching quizzes found
Score Distribution
Percent of People with Each Score
Percentile by Number Answered
Your Score History
You have not taken this quiz since the last reset